| 000 | 01218cam a2200217 4500 | ||
|---|---|---|---|
| 001 | WB3648-33 | ||
| 008 | 000000n2000 000 0 eng u | ||
| 035 | _a(Sirsi) u109851 | ||
| 245 | _aRestrictive covenants considered | ||
| 260 | _c2000 | ||
| 490 |
_aEstates Gazette _v(0048) 2 December 2000, 116(1) |
||
| 520 | _aConsiders the enforceability of restrictive covenants, and the lessons to be learnt from the recent judgment, upheld by the CA, in "Morrells of Oxford Ltd v Oxford United Football Club". This concerned the building of a new stadium for a football club. Key points to come out of this litigation are that: s79 of the Law of Property Act 1925 can, in limited circumstances, extend the enforceability of restrictive covenants; exclusion of s79 does not have to be explicit; it will not apply where it is inconsistent with the terms of the covenant. Also looks at earlier case law and its treatment of contrary intention. | ||
| 590 | _aWB | ||
| 650 | _aRESTRICTIVE COVENANTS | ||
| 650 | _aENFORCEABILITY | ||
| 650 | _aLAW OF PROPERTY ACT 1925 S79 | ||
| 650 | _aMORRELLS OF OXFORD LTD V OXFORD UNITED FOOTBALL CLUB AND OTHERS | ||
| 650 | _aPUBLIC HOUSE | ||
| 690 | _aPROPERTY | ||
| 942 | _n0 | ||
| 999 |
_c65542 _d65542 |
||